| 000 | 00479nam a2200181Ia 4500 | ||
|---|---|---|---|
| 008 | 240925s9999 xx 000 0 und d | ||
| 020 | _a9788130930831 | ||
| 082 | _a658.406 PHI | ||
| 100 | _aPhilips, Patricia Pulliam | ||
| 245 | 0 | _aMeasuring the Success of Organization Development | |
| 250 | _aNA | ||
| 260 |
_aNew Delhi: _bViva Books _c,2015. |
||
| 300 |
_a878p. _b0 _fOriginal |
||
| 500 | _aIncludes Index | ||
| 600 | _aManagement | ||
| 650 | _aManagement | ||
| 942 | _cBK | ||
| 999 |
_c15356 _d15356 |
||